Szponzorálás a sportban

Bibliographic Details
Main Author: Gomány Csaba
Other Authors: Hamburger Béla
Format: Final Paper
Kulcsszavak:Szponzorálás
Szponzori szerződés, sport
Online Access:http://dolgozattar.uni-bge.hu/59266

MARC

LEADER 00000nta a2200000 i 4500
001 dolg59266
005 20251105123405.0
008 251105suuuu hu o 000 hun d
040 |a BGE Dolgozattár Repozitórium  |b hun 
041 |a hu 
100 1 |a Gomány Csaba 
245 1 0 |a Szponzorálás a sportban  |c Gomány Csaba  |h [elektronikus dokumentum] 
516 |a Final_paper 
695 |a Szponzorálás 
695 |a Szponzori szerződés, sport 
700 1 |a Hamburger Béla  |e ths 
856 4 0 |u http://dolgozattar.uni-bge.hu/59266/1/Gomany-Csaba.pdf  |z Dokumentum-elérés